000 00386nam a2200157Ia 4500
008 160316s1995 xxu||||| |||| 00| 0 eng d
082 _a344.013400
_bVIG
100 _a
245 _aChild labour in Kanyakumari
250 _a
260 _aBangalore
_bVigil India Movement
_c1995
300 _a33
_b
_c
365 _b
650 _a1. child labour 2. working children
700 _a
_a
999 _c33813
_d33813